000 00390 a2200169 4500
001 183204
020 _a
040 _cMagnum
100 _aSiqueira, José Cândido de
240 1 0 _aEssa minas em gerais e outros poemas
_lpor
245 1 0 _aEssa minas em gerais e outros poemas
300 _a64
362 0 _a1981
440 1 _aO Lutador
697 _aLITERATURA GERAL
942 _cBK
999 _c183204
_d183204